000 00471nam a2200193Ia 4500
008 240510s9999 xx 000 0 und d
020 _a0000521308119
041 _aEng
082 _a004.0151
082 _bN85
100 _aPRESS W. H. (ET-AL)
245 0 _aNUMERICAL RECIPES : THE ART OF SCIENTIFIC COMPUTING
260 _bCAMEBRIDGE : UNIVERSITY PRESS
260 _c1986
300 _a818 p.
650 _aNUMERICAL METHODS
942 _2ddc
942 _cLBK
999 _c25624
_d25624
945 _a1
_bMadushi Gamage
_c1
_dMadushi Gamage